Incollable #53 - Animaux - Statistiques

Statistiques générales
  • Ce quiz a été pris 494 fois
  • Le résultat moyen est 9 sur 13
Statistiques - réponses
Niveaux Questions Réponses % Correct
CP Quel animal est le moineau ? Un oiseau
100%
CE2 Combien de pattes à la crevette ? 10
95%
CM2 De quelle couleur est le rhinocéros blanc ? Gris
95%
CE2 Change une lettre du mot « couette » et trouve le nom d’un oiseau marin. Mouette
95%
CE1 Quel animal, dont le nom commence par M, bêle ? Le mouton
94%
CM1 Je suis un oiseau.Je suis aussi une haute tour de chantier. Que suis-je ? Une grue
89%
CM1 Change une lettre du mot « corbeille » et trouve le nom d’un oiseau au plumage noir. Corneille
88%
CP Dans quel bâtiment dort la vache ? Une étable
81%
CM2 Quel grand ours féroce vit en Amérique ? Le grizzly
64%
Collège Jusqu’à combien d’année un éléphant peut-il vivre ? 70 ans
54%
Collège Je suis un insecte aux ailes colorées.Je suis aussi une race de chien. Que suis-je ? Le papillon
50%
Lycée En Méditerranée, comment appelle-t-on le bar ? Le loup
23%
Lycée À quelle espèce animale appartient la harpie ? Aux aigles
18%
Aucun quiz correspondant
Distribution des résultats
% des personnes avec chaque résultat
Percentile par nombre de réponses
Votre historique - résultats
Vous n’avez pas pris ce quiz